00366 a2200121 4500001001000000005001700010008004100027245004000068100002300108700002400131700001800155773007100173ART_4348120260410162024.0260409a 10aIs there a glass ceiling in Sweden?1 aAlbrecht, James W.1 aBjörklund, Anders1 aVroman, Susan0 tJournal of labor economicsg- Vol. 21, Nº 1 (ene. 2003)wREV43438